<?xml version="1.0" encoding="UTF-8"?>
<record
    xmlns:xsi="http://www.w3.org/2001/XMLSchema-instance"
    xsi:schemaLocation="http://www.loc.gov/MARC21/slim http://www.loc.gov/standards/marcxml/schema/MARC21slim.xsd"
    xmlns="http://www.loc.gov/MARC21/slim">

  <leader>01082nam a2200253   4500</leader>
  <controlfield tag="001">2647</controlfield>
  <datafield tag="090" ind1=" " ind2=" ">
    <subfield code="a">2647</subfield>
  </datafield>
  <datafield tag="100" ind1=" " ind2=" ">
    <subfield code="a">20190723b u||y0fre||u0ba y50</subfield>
  </datafield>
  <datafield tag="101" ind1=" " ind2=" ">
    <subfield code="a">eng</subfield>
  </datafield>
  <datafield tag="200" ind1=" " ind2=" ">
    <subfield code="a">Second Class, Working Class</subfield>
    <subfield code="b">P&#xE9;riodique</subfield>
    <subfield code="e">An anthology of original documents, analyses and interviews on working women. Articles selected from the international women's press and translated for the first time into English. </subfield>
    <subfield code="f">Cecilia Brunazzi, Linda Fogel, Norma Fox </subfield>
    <subfield code="g">Carole Leita, Sarah Levin, Ines Reider, Merle Shaw, Adelheid Zoefel </subfield>
  </datafield>
  <datafield tag="210" ind1=" " ind2=" ">
    <subfield code="a">Etats-Unis</subfield>
    <subfield code="b">Peoples Translation Service, 4228 Telegraph Avenue, Oakland, CA 94609 </subfield>
    <subfield code="c">Peoples Translation Service </subfield>
  </datafield>
  <datafield tag="606" ind1=" " ind2=" ">
    <subfield code="a">F&#xE9;minisme</subfield>
    <subfield code="9">429</subfield>
  </datafield>
  <datafield tag="606" ind1=" " ind2=" ">
    <subfield code="9">428</subfield>
    <subfield code="a">Solidarit&#xE9; internationale</subfield>
  </datafield>
  <datafield tag="607" ind1=" " ind2=" ">
    <subfield code="9">1006</subfield>
    <subfield code="a">Etats-Unis d'Am&#xE9;rique</subfield>
  </datafield>
  <datafield tag="700" ind1=" " ind2=" ">
    <subfield code="9">6658</subfield>
    <subfield code="a">Brunazzi</subfield>
    <subfield code="b">Cecilia </subfield>
  </datafield>
  <datafield tag="701" ind1=" " ind2=" ">
    <subfield code="9">6659</subfield>
    <subfield code="a">Fogel</subfield>
    <subfield code="b">Linda</subfield>
  </datafield>
  <datafield tag="701" ind1=" " ind2=" ">
    <subfield code="9">6660</subfield>
    <subfield code="a">Fox</subfield>
    <subfield code="b">Norma</subfield>
  </datafield>
  <datafield tag="701" ind1=" " ind2=" ">
    <subfield code="9">6661</subfield>
    <subfield code="a">Leita</subfield>
    <subfield code="b">Carole</subfield>
  </datafield>
  <datafield tag="701" ind1=" " ind2=" ">
    <subfield code="9">6662</subfield>
    <subfield code="a">Levin</subfield>
    <subfield code="b">Sarah</subfield>
  </datafield>
  <datafield tag="701" ind1=" " ind2=" ">
    <subfield code="9">6663</subfield>
    <subfield code="a">Rieder</subfield>
    <subfield code="b">Ines</subfield>
  </datafield>
  <datafield tag="701" ind1=" " ind2=" ">
    <subfield code="9">6664</subfield>
    <subfield code="a">Shaw</subfield>
    <subfield code="b">Merle</subfield>
  </datafield>
  <datafield tag="701" ind1=" " ind2=" ">
    <subfield code="9">6665</subfield>
    <subfield code="a">Zoefel</subfield>
    <subfield code="b">Adelheid</subfield>
  </datafield>
  <datafield tag="801" ind1=" " ind2=" ">
    <subfield code="a">CH</subfield>
    <subfield code="b">CH-002049-8</subfield>
  </datafield>
  <datafield tag="955" ind1=" " ind2=" ">
    <subfield code="r">1979 : 1 </subfield>
  </datafield>
  <datafield tag="995" ind1=" " ind2=" ">
    <subfield code="1">0</subfield>
    <subfield code="2">0</subfield>
    <subfield code="3">0</subfield>
    <subfield code="5">2022-03-30</subfield>
    <subfield code="9">3147</subfield>
    <subfield code="b">ARCHIC</subfield>
    <subfield code="c">ARCHIC</subfield>
    <subfield code="e">P&#xE9;riodiques</subfield>
    <subfield code="f">4098</subfield>
    <subfield code="h">MLF</subfield>
    <subfield code="k">P202</subfield>
    <subfield code="o">1</subfield>
  </datafield>
</record>
